000
00265nam a22001097a 4500
082
_a
030 CHA'I
100
_a
INTERNATIONAL
_9
10231
245
_a
CHAMBER' ENCYCLOPEDIA VOLUME IV CONFIRMATION
260
_a
LONDON
_b
INTERNATIONAL
_c
1973
300
_a
832P
942
_c
BK
999
_c
583282
_d
583282